Click A Suffix Quiz Stats

 Plays Quiz Updated Oct 4, 2013

Support Sporcle.
Go Orange.
Score 0/40 Timer 06:00
7 Plays Today
% Correct
ful
80.5%
ous
79.2%
er
78.9%
less
78.9%
ment
78.5%
age
78.5%
cide
77.5%
ship
76.8%
ity
76.8%
escent
76.4%
al
75.9%
sion
75%
ness
74.8%
ic
74.7%
ary
74%
ile
73.3%
en
72.7%
acy
71.2%
ate
71%
ify
70.7%
% Correct
or
70.2%
osis
70%
ant
68.5%
ent
68.1%
eer
67.9%
ific
66.9%
ose
66.5%
icious
66.1%
ism
63.8%
ly
63.6%
cede
62.8%
able
60.7%
ist
60%
itude
59.7%
ize
58.5%
duct
57.9%
oid
52.9%
ative
51.5%
iferous
45.3%
ation
39.6%

From the Vault

MLB 30 HR Seasons (2000s) (Teams Hidden)

by deej

Sports 20m
How these guys managed to hit all these home runs without steroids, we'll never know.
Remove Ads.
Support Sporcle.
Get the best of Sporcle when you Go Orange. This ad-free experience offers more features, more stats, and more fun while also helping to support Sporcle. Thank you for becoming a member.

Show Comments

Extras

Top Quizzes Today


Score Distribution

Your Account Isn't Verified!

In order to create a playlist on Sporcle, you need to verify the email address you used during registration. Go to your Sporcle Settings to finish the process.

Report this User

Report this user for behavior that violates our Community Guidelines.

Details: